| 000 | 02548nam0a2200397 4500 | ||
|---|---|---|---|
| 001 | RU\NLR\BIBL_A\022667715 | ||
| 005 | 20260705064714.0 | ||
| 021 |
_aRU _bКН-П-25-054826 _9КН-П-25-5294 |
||
| 029 | 1 | 0 |
_aRU _b20-3.0-010-2024 _cСТО Газпром |
| 035 | _a(NLR Aleph) 022667715 | ||
| 090 |
_a13498206 _c13498206 |
||
| 100 | _a20251118d2025 k y0rusy50 ca | ||
| 101 | 0 | _arus | |
| 102 | _aRU | ||
| 105 | _aa l 000|y | ||
| 181 | 0 |
_ai _baxxe |
|
| 182 | 0 | _an | |
| 200 | 9 |
_aПроектирование и строительство _iПредпусковые операции на магистральных газопроводах _iПорядок проведения очистки полости _eСТО Газпром 20-3.0-010-2024 _fРазработан Научно-исследовательским институтом природных газов и газовых технологий - Газпром ВНИИГАЗ (ООО " Газпром ВНИИГАЗ") |
|
| 203 |
_aТекст _bвизуальный _cнепосредственный |
||
| 205 | _aИзд. офиц. | ||
| 210 |
_aСанкт-Петербург _cГазпром экспо _d2025 |
||
| 215 |
_aIV, 103 с. _cил. _d29 |
||
| 225 | 1 |
_aСтандарт организации _fГазпром |
|
| 239 |
_aВвед. 05.08.2024 _aВзамен Регламента организации контроля качества очистки полости трубопроводов, технологических трубопроводов основного назначения, крановых узлов при строительстве (реконструкции) объектов транспорта газа до их ввода в эксплуатацию |
||
| 320 | _aБиблиогр.: с. 87, 92, 97, 102 (36 назв.) | ||
| 517 | 1 | _aСТО Газпром 20-3.0-010-2024 | |
| 606 | 1 |
_aГазопроводы магистральные _jСтандарты _xПуск и наладка _92688475 _3RU\NLR\AUTH\6601763336 |
|
| 686 |
_v2000 _2oks |
||
| 686 | 1 | _aО76-082.01я861 | |
| 712 | 0 | 2 |
_4725 _a"Газпром", публичное акционерное общество _cСанкт-Петербург _9797898 _3RU\NLR\AUTH\880565471 |
| 712 | 0 | 2 |
_4900 _aНИИ природных газов и газовых технологий _cСанкт-Петербург _3RU\NLR\AUTH\880619350 _92688255 |
| 942 | _cBOOK | ||
| 980 | _aNB | ||